00697nam a2200241 a 4500001001300000003000900013005001700022008004100039020001000080082001600090100003300106245001900139260003700158300000900195500003500204505002200239650001500261700003300276902000800309942000700317952011600324999001500440nice12345678IN_TiNIC20260116011811.0050524s1895 qada grp 000 0 urd  ac10000a297.86bAMR aAmrohavi, Sayeed Mohd, Ahsan aSwal-Ul-Sabeel aQadianbMatbua Ziaul Islamc1895 a44p. aincludes index and biblioraphy2 aVarious Documents aAhmadiyyah1 aAmrohavi, Sayeed Mohd, Ahsan bSRS cBK 001040708StackRoom-aHMIbHMId2007-07-02g100.00l0o297.86 AMRp06144r2007-07-02v100.00w2005-05-24yBK c4062d4062